Docteur Quinn femme médecin - Statistiques

Statistiques générales
  • Ce quiz a été pris 167 fois
  • Le résultat moyen est 11 sur 20
Statistiques - réponses
Question Réponse % Correct
Avec quel ami des indiens Cheyennes le Dr Quinn va-t-elle se marier ? Byron Sully
92%
Quel est le prénom du Docteur Quinn ? Michaëla
92%
De quelle ville est originaire le Docteur Quinn ? Boston
90%
Dans quel état Américain s'est installé le Dr Quinn ? Colorado
87%
Quelle actrice incarne le Docteur Quinn ? Jane Seymour
86%
Combien d'orphelins recueille t elle à la mort de celle-ci ? Trois
85%
Qui dirige le saloon de la ville ? Hank
80%
Dans l'épisode pilote, quel est le prénom de la femme mourante avec qui elle s'est liée d'amitié ? Charlotte
57%
La morsure de quel serpent est responsable de sa mort ? Crotale
54%
De quelle origine est Ingrid dont Matthew Cooper tombe amoureux ? Suédoise
50%
Avec son héritage, quel est le nom de l’Hôtel fondé par Jake Slicker ? La Pépite d'Or
45%
De leur union, ils auront une fille, quel est son nom ? Katie
41%
Quel est le nom de l'épouse du guérisseur cheyenne Nuage Dansant ? Oiseau Blanc
41%
Quel métier occupe Horace Bing ? Télégraphiste
34%
Quel est le prénom du père qui les a abandonné ? Ethan
30%
Le Dr Quinn a quatre sœurs : Marjorie, Claudette, Maureen et ? Rebecca
30%
Par les membres de quelle société secrète sont attaqués Grace et Robert E ? Ku Klux Klan
24%
Dans quelle propriété de Preston Lodge exerce le Dr Cook ? Château des Sources
19%
Quel est le nom du célèbre poète américain apparaissant dans la saison 5, épisode 21 ? Walt Whitman
11%
Comment est nommé leur fils tué par le chef des Renégats ? Marche sur les nuages
9%
Aucun quiz correspondant
Distribution des résultats
% des personnes avec chaque résultat
Percentile par nombre de réponses
Votre historique - résultats
Vous n’avez pas pris ce quiz